000 00554nam a22002057a 4500
003 OSt
005 20140310181933.0
008 130723t xxu||||| |||| 00| 0 eng d
020 _a9780553211900
050 _aPR 4854
_b.K57 1982
082 _aCLA
_bK62c 1982
100 _aKipling, Rudyard
_92818
245 _aCaptains courageous /
_cRudyad Kipling.
260 _aNew York :
_bBantam Books,
_cc1982.
300 _a147 p. :
_c17 cm.
541 _j1
562 _e1
650 _aInternational Baccalaureate.
_9127
942 _2lcc
_cBBK
_kCLA
999 _c7442
_d7442